00943 2200361 4500001002100000005001500021035002500036020001800061245005000079250002500129260003400154007000300188008004100191040001700232100001800249300002400267082001700291084001900308090002100327090002100348650002000369850001200389999002100401990002100422990001700443990001500460990001500475990002100490990001700511990001700528990002100545990001500566YOGYA-0211000000069720210930102503 a0010-021100000000697 a979-497-098-010aDua dari tiga lelaki Jakarta /cEddy Suhendro aCetakan pertama 19943 aYogyakarta :bKanisius,c1994ta110202s1994 yoi g f ind d aYOPPYOGbind1 aEddy Suhendro a90 halaman ;c20 cm04223a899.2213 a899.2213 EDD d aCB-D.11 1994-253 aT 899.2213 EDD d 4aFiksi Indonesia aYOPDYOG aCB-D.11/1994-253 aCB-D.11/1994-253 a1607-PN/P.00 a88068-P/96 a88068-P/96 aCB-D.11/1994-253 a1607-PN/P.00 a1607-PN/P.00 aCB-D.11/1994-253 a88068-P/96